Mapping atonement : (Record no. 10519)
[ view plain ]
| 000 -LEADER | |
|---|---|
| fixed length control field | 02003cam a2200361 i 4500 |
| 001 - CONTROL NUMBER | |
| control field | 1285552077 |
| 003 - CONTROL NUMBER IDENTIFIER | |
| control field | OCoLC |
| 005 - DATE AND TIME OF LATEST TRANSACTION | |
| control field | 20241128103500.0 |
| 008 - FIXED-LENGTH DATA ELEMENTS--GENERAL INFORMATION | |
| fixed length control field | 211123s2022 miu b 001 0 eng |
| 010 ## - | |
| -- | 2021057336 |
| 020 ## - INTERNATIONAL STANDARD BOOK NUMBER | |
| International Standard Book Number | 9780801030680 |
| Qualifying information | paperback |
| 020 ## - INTERNATIONAL STANDARD BOOK NUMBER | |
| International Standard Book Number | 0801030684 |
| Qualifying information | paperback |
| 020 ## - INTERNATIONAL STANDARD BOOK NUMBER | |
| Canceled/invalid ISBN | 9781540965684 |
| Qualifying information | hardcover |
| 020 ## - INTERNATIONAL STANDARD BOOK NUMBER | |
| International Standard Book Number | 1540965686 |
| Qualifying information | hardcover |
| 020 ## - INTERNATIONAL STANDARD BOOK NUMBER | |
| International Standard Book Number | 9781540965684 |
| Qualifying information | hardcover |
| 020 ## - INTERNATIONAL STANDARD BOOK NUMBER | |
| Canceled/invalid ISBN | 9781493436910 |
| Qualifying information | electronic book |
| 020 ## - INTERNATIONAL STANDARD BOOK NUMBER | |
| Canceled/invalid ISBN | 9781493436927 |
| Qualifying information | electronic book |
| 035 ## - SYSTEM CONTROL NUMBER | |
| System control number | (OCoLC)1285552077 |
| Canceled/invalid control number | (OCoLC)1285493895 |
| -- | (OCoLC)1285581663 |
| -- | (OCoLC)1285775521 |
| -- | (OCoLC)1285872500 |
| -- | (OCoLC)1285886400 |
| -- | (OCoLC)1285915893 |
| 040 ## - CATALOGING SOURCE | |
| Original cataloging agency | DLC |
| Language of cataloging | eng |
| Description conventions | rda |
| Transcribing agency | DLC |
| Modifying agency | YDX |
| -- | OCLCO |
| -- | OCLCF |
| -- | OCLCO |
| -- | UKMGB |
| -- | WIO |
| -- | YDX |
| -- | PTS |
| -- | TLC |
| 042 ## - | |
| -- | pcc |
| 082 ## - DEWEY DECIMAL CLASSIFICATION NUMBER | |
| Classification number | 232.3 |
| Item number | WIT |
| 092 ## - LOCALLY ASSIGNED DEWEY CALL NUMBER (OCLC) | |
| Classification number | 234.5 |
| Item number | W827M |
| 100 1# - MAIN ENTRY--PERSONAL NAME | |
| Personal name | Witt, William G., |
| Dates associated with a name | 1955- |
| Relator term | author |
| 9 (RLIN) | 18318 |
| 245 10 - TITLE STATEMENT | |
| Title | Mapping atonement : |
| Remainder of title | the doctrine of reconciliation in Christian history and theology / |
| Statement of responsibility, etc. | William G. Witt and Joel Scandrett |
| 264 #1 - PRODUCTION, PUBLICATION, DISTRIBUTION, MANUFACTURE, AND COPYRIGHT NOTICE | |
| Place of production, publication, distribution, manufacture | Grand Rapids, Michigan : |
| Name of producer, publisher, distributor, manufacturer | Baker Academic, a division of Baker Publishing Group, |
| Date of production, publication, distribution, manufacture, or copyright notice | [2022] |
| 300 ## - PHYSICAL DESCRIPTION | |
| Extent | xii, 240 pages ; |
| Dimensions | 23 cm |
| 504 ## - BIBLIOGRAPHY, ETC. NOTE | |
| Bibliography, etc. note | Includes bibliographical references (pages 227-236) and index |
| 520 ## - SUMMARY, ETC. | |
| Summary, etc. | This introduction traces the origins, development, and divergent streams of atonement theology throughout the Christian tradition and proposes key criteria by which we can assess their value. The authors introduce essential biblical terms, texts, and concepts of atonement; identify significant historical figures, texts, and topics; and show how various atonement paradigms are expressed in their respective church traditions. The book also surveys current "hot topics" in evangelical atonement theology and evaluates strengths and weaknesses of competing understandings of atonement |
| 650 #0 - SUBJECT ADDED ENTRY--TOPICAL TERM | |
| Topical term or geographic name entry element | Atonement |
| General subdivision | History of doctrines |
| 9 (RLIN) | 17250 |
| 700 1# - ADDED ENTRY--PERSONAL NAME | |
| Personal name | Scandrett, Joel, |
| Relator term | author |
| 9 (RLIN) | 18319 |
| 776 08 - ADDITIONAL PHYSICAL FORM ENTRY | |
| Relationship information | ebook version : |
| International Standard Book Number | 9781493436910 |
| 942 ## - ADDED ENTRY ELEMENTS (KOHA) | |
| Source of classification or shelving scheme | Dewey Decimal Classification |
| Koha item type | Books |
| Withdrawn status | Lost status | Source of classification or shelving scheme | Damaged status | Not for loan | Home library | Current Library | Shelving location | Date acquired | Total checkouts | Full call number | Barcode | Date last seen | Copy number | Price effective from | Koha item type |
|---|---|---|---|---|---|---|---|---|---|---|---|---|---|---|---|
| Dewey Decimal Classification | GRACE BIBLE COLLEGE | GRACE BIBLE COLLEGE | Theology | 2024-11-25 | 232.3 WIT | 020858 | 2025-05-01 | c.1 | 2024-11-25 | Books |